000 00743nam a2200181 i 4500
001 50442
003 ES-MaACL
007 t|
008 030804s1974 sp ||||1| spa d
245 0 3 _aLa cultura de la increencia
_b: estudios y actas del I Simposio Internacional sobre la Creencia, celebrado en Roma del 22 al 27 de marzo de 1969 /
_c[versión por Jesús García-Abril, Alfonso Mascuñana y Fermín Trueba].
260 _aBilbao :
_bMensajero,
_c[1974]
300 _a301 p. ;
_c23 cm.
700 1 _aGarcía-Abril, Jesús.
_954111
700 1 _aMascuñana, Alfonso.
_978697
700 1 _aTrueba, Fermín.
_9111548
711 2 _aSimposio Internacional sobre la Creencia (
_n1º.
_d1969.
_cRoma)
_91080
852 _aES-MaACL
_jE-7030
_bR.91426
999 _c50442
_d50442